Agriculture : Etude sectorielle

Tallennettuna:
Bibliografiset tiedot
Päätekijä: McNamara, Robert S.
Aineistotyyppi: Kirja
Kieli:Undetermined
Julkaistu: Washington Groupe de la Banque Mondiale 1972
Aiheet:
Tagit: Lisää tagi
Ei tageja, Lisää ensimmäinen tagi!
Thư viện lưu trữ: Trung tâm Học liệu Trường Đại học Cần Thơ
LEADER 00548nam a2200205Ia 4500
001 CTU_81300
008 210402s9999 xx 000 0 und d
082 |a 630 
082 |b M169 
100 |a McNamara, Robert S. 
245 0 |a Agriculture : 
245 0 |b Etude sectorielle 
245 0 |c Robert S. McNamara 
260 |a Washington 
260 |b Groupe de la Banque Mondiale 
260 |c 1972 
650 |a Development economic 
650 |x Agriculture 
904 |i Trọng Hải 
980 |a Trung tâm Học liệu Trường Đại học Cần Thơ